| 000 | 00857nam0a22002531 4500 | ||
|---|---|---|---|
| 001 | rc\4758753 | ||
| 005 | 20250613074429.0 | ||
| 021 |
_aRU _b[61-38531] |
||
| 035 | _a(NLR Aleph) 009015453 | ||
| 090 |
_a9394710 _c9394710 |
||
| 100 | _a20130417d1961 |||y0rusy50 ca | ||
| 101 | 0 | _arus | |
| 102 | _aRU | ||
| 105 | _aa z ||||| | ||
| 200 | 1 |
_aДля здоровья и счастья людей _eОпыт работы санэпидстанции Кировского района Перми |
|
| 210 |
_aПермь _cКн. изд-во _d1961 |
||
| 215 |
_a44 с. _cил. _d20 |
||
| 606 |
_aСанитарное просвещение _yПермская область _2psbo |
||
| 700 | 1 |
_aЛюбкин _bЭ.Е. _gЭмиль Ефимович |
|
| 801 | 0 |
_aRU _bNLR _gpsbo |
|
| 801 | 1 |
_aRU _bELAR _2rusmarc |
|
| 852 |
_aNLR _j61-4/8569 |
||
| 942 | _cBOOK | ||
| 980 | _aNB | ||